Principles of banking (Бичлэгийн дугаар. 146000)
| 000 -УДИРДЛАГА | |
|---|---|
| Удирдлага | 00900nam a22003017a 4500 |
| 003 - ХЯНАЛТЫН ТОО ТОДОРХОЙЛОГЧ | |
| Код | MN-UlNUM |
| 005 - БИЧИЛТ ХИЙСЭН ОГНОО | |
| Тухайн бичилтийг бичсэн засварласан сүүлийн огноо | 20251222160040.0 |
| 008 - ЕРӨНХИЙ МЭДЭЭЛЭЛ | |
| Ерөнхий мэдээлэл | 251222s1988 dcuab||| |||| 00| 0 eng | |
| 020 ## - ISBN | |
| ISBN | 089982353X |
| 040 ## - БИЧЛЭГ ҮҮСГЭГЧ БАЙГУУЛЛАГА | |
| Бичлэг үүсгэгч номын сангийн код | МУИС-ийн номын сан |
| 084 ## - ББК АНГИЛАЛ | |
| Нэмэлт тусгалт | Бусад |
| ББК ангилал | 65.261 |
| Зохиогчийн гурван тэмдэгт | C 73 |
| Мэдлэгийн ялгаа | 65 - Эдийн засаг |
| 100 1# - ЗОХИОГЧ | |
| Зохиогчийн нэр | Compton, Eric N., |
| Зохиогчийн огноо | 1925- |
| 245 10 - ҮНДСЭН ГАРЧИГ | |
| Номын нэр | Principles of banking |
| Оролцогчдын тухай мэдээ | Eric N. Compton. |
| 250 ## - ДАХИН ХЭВЛЭЛТ | |
| Дахин гаралтын дугаар | 3rd ed. |
| 260 ## - ГАРАЛТЫН МЭДЭЭ | |
| Хэвлэгдсэн газар | Washington, D.C. : |
| Хэвлэлийн газар | American Bankers Association, |
| Хэвлэгдсэн он | 1988. |
| 300 ## - МАТЕРИАЛЫН ТОДОРХОЙЛОЛТ | |
| хуудасны тоо | xiii, 403 p. : |
| Бусад тоон мэдээлэл | ill. ; |
| Хэмжээ | 24 cm. |
| 500 ## - Тайлбар | |
| Дансны дугаар | БС 4668 |
| 546 ## - ХЭЛНИЙ ТУХАЙ МЭДЭЭ | |
| Хэл | Англи хэл дээр, |
| 653 ## - Түлхүүр үг | |
| Түлхүүр үг | banks and banking |
| 653 ## - Түлхүүр үг | |
| Түлхүүр үг | united States |
| 740 ## - НОМЫН ГАРЧИГ | |
| Гарчиг | The Evolution of U.S. Banking |
| 740 ## - НОМЫН ГАРЧИГ | |
| Гарчиг | Bank Organization and the Federal Reserve |
| 740 ## - НОМЫН ГАРЧИГ | |
| Гарчиг | The Language and Documents of Banking |
| 740 ## - НОМЫН ГАРЧИГ | |
| Гарчиг | The Depositor Relationships |
| 942 ## - ЭЛЕМЕНТИЙН ТӨРӨЛ | |
| Зүйлийн төрөл | Ном |
